000 00255nam a2200097Ia 4500
001 711348
005 20250826162806.0
008 250824s9999 xx 000 0 und d
245 0 _aIŞIK AVCISI -AĞAÇTAN GELEN ÇOCUK
_cALİ SAÇIKARA
260 _bATLIKARINCA
999 _c711348
_d711348